World History Multiple Choice - Statistics

General Stats
  • This quiz has been taken 91 times
  • The average score is 10 of 15
Answer Stats
Question Answer % Correct
Who served as US President during the Great Depression of 1929 and WWII? Franklin D. Roosevelt
100%
Which country was ruled by Genghis Khan? Mongol Empire
100%
Which german country was known for it's efficient military? Prussia
100%
What led to the abdication of US President Richard M. Nixon? abuse of political power
80%
Which concentration camp was by far the largest and killed more than 1 million jews? Auschwitz
80%
Where did Christopher Columbus actually arrive when he landed in "India" Caribbean
80%
Who was the hero of the Soviet Union because of his incredibly skilled warfare? Georgy Zhukov
80%
Who led his elephants across the alps? Hannibal
80%
When was the city of Rome founded? 753 BC
60%
What was France called by the Romans? Gaul
60%
Which country went to war with Russia in 1905 in order to enlarge it's sphere of influence? Japan
60%
Which country in modern-day Lebanon was a former mediterranean trading kingdom? Phoenicia
60%
How was the battle of moscow (1812) won by the Russians? setting the city on fire
40%
Which of the following things did not originate in Russia? cyrillic alphabet
20%
Which event triggered the declaration of the cold war? the first Berlin Crisis
0%
No matching quizzes found
Score Distribution
Percent of People with Each Score
Percentile by Number Answered
Your Score History
You have not taken this quiz